Twenty One Pilots - Navigating lyrics - Statistics

General Stats
  • This quiz has been taken 190 times
  • The average score is 201 of 239
Answer Stats
Hint Answer % Correct
Verse 1 I
99%
Intro My
98%
my
98%
oh
97%
I'm
95%
navigating
95%
me
93%
all
92%
head
92%
This
92%
this
92%
Give
89%
so
89%
time
89%
to
89%
am
88%
the
88%
delay
86%
you
86%
advice
85%
Chorus Pardon
85%
wasting
85%
feel
84%
some
84%
see
81%
Disassociate
80%
how
80%
Verse 2 How
80%
then
80%
can't
79%
know
79%
seem
77%
been
76%
Don't
76%
that
75%
turn
75%
alone
73%
everybody
73%
home
73%
it's
73%
way
73%
when
73%
leaves
72%
long
72%
page
72%
make
71%
rapidly
70%
standin'
70%
think
70%
back
69%
'cause
69%
hold
69%
still
69%
change
68%
around
67%
cold
67%
just
66%
mom
66%
And
65%
face
65%
his
65%
lost
65%
of
65%
your
65%
dad
64%
reality
64%
things
64%
Kind
63%
trying
63%
fingers
61%
touch
61%
what
61%
question
60%
Feelin'
59%
like
59%
our
59%
feels
58%
thinkin'
58%
onto
57%
responded
57%
haze
56%
really
56%
want
56%
If
55%
Bridge Since
55%
find
54%
now
54%
self-esteem
47%
But
45%
No matching quizzes found
Score Distribution
Percent of People with Each Score
Percentile by Number Answered
Your Score History
You have not taken this quiz